The concept of equality of arms in criminal proceedings under article 6 of the European Convention on Human Rights
Αποθηκεύτηκε σε:
| Κύριος συγγραφέας: | |
|---|---|
| Μορφή: | Βιβλίο |
| Γλώσσα: | Αγγλικά |
| Έκδοση: |
Cambridge
Intersentia Ltd
2017
|
| Θέματα: | |
| Ετικέτες: |
Προσθήκη ετικέτας
Δεν υπάρχουν, Καταχωρήστε ετικέτα πρώτοι!
|
MARC
| LEADER | 00000cam a2200000 a 4500 | ||
|---|---|---|---|
| 001 | UCC9008 | ||
| 003 | CL-VaPUC | ||
| 008 | 190904e20170000uk |||||||||||||||||eng|d | ||
| 020 | |a 9781780681641 | ||
| 082 | 0 | 4 | |a 345.405 |b SID |2 21 |
| 100 | 0 | |a Sidhu, Omkar |e author |9 603759 | |
| 245 | 1 | 4 | |a The concept of equality of arms in criminal proceedings under article 6 of the European Convention on Human Rights |
| 300 | |a 278 p | ||
| 942 | |c BK | ||
| 945 | |d 20190904 15:40:00 |a cmena | ||
| 260 | |a Cambridge |b Intersentia Ltd |c 2017 | ||
| 650 | 0 | |a Justicia |9 255408 | |
| 650 | 0 | |a Procedimiento penal |9 254974 | |
| 650 | 0 | |a Derechos humanos |9 223025 | |
| 650 | 0 | |a Discriminación |9 335101 | |
| 650 | 7 | |a CONVENCIONES SOBRE DERECHOS HUMANOS |2 CL-VaPUC |9 402178 | |
| 583 | |a last modification |c 20190904 15:40:00 |k Rodrigo Vera | ||
| 999 | |c 375203 |d 375201 | ||
| 952 | |0 0 |1 0 |3 erb |4 0 |6 345_405000000000000_SID_2017 |7 0 |8 WP_COW |9 561148 |a BIBDER |b BIBDER |e Fundación W and P Cowley |i 5599156 |o 345.405 SID 2017 |p 5599156 |r 2023-01-25 |w 2020-03-12 |y BK |z Catalogado en:20190904 |k WPC | ||